Statistiques concernant Régions et villes sur une carte - Allemagne

Cliquez ici pour prendre le quiz!

Statistiques générales

  • Ce quiz a été pris 265 fois
  • Le résultat moyen est 16 sur 26

Réponses sur la Carte

Les réponses sont colorées sur une échelle allant du rouge au vert en fonction du pourcentage des utilisateurs qui les ont devinées à leur premier essai. Vous pouvez retrouver ces pourcentages ci-dessous.
 

Statistiques - réponses

HintRéponse% Correct
3,76 MBerlin
98%
Berlin
98%
1,51 MMunich
92%
Hambourg
90%
1,89 MHambourg
90%
Bavière
82%
773 kFrancfort-sur-le-Main
81%
633 kStuttgart
73%
1,08 MCologne
72%
629 kDüsseldorf
63%
Saxe
63%
593 kDortmund
60%
Brême
59%
Sarre
59%
Rhénanie-Palatinat
57%
616 kLeipzig
55%
Brandebourg
48%
Thuringe
43%
Basse-Saxe
41%
Hesse
41%
Rhénanie-du-Nord-Westphalie
41%
585 kEssen
39%
Schleswig-Holstein
37%
Mecklenbourg-Poméranie-Occidentale
35%
Saxe-Anhalt
34%
Bade-Wurtemberg
30%

Distribution des résultats

Percentile par nombre de réponses

% des personnes avec chaque résultat

Votre développement - résultats

Vous n’avez pas pris ce quiz